[Event "Challenge"]
[Site "http://www.queenalice.com/game.php?id=1252274"]
[Date "2014.1.29"]
[Round "-"]
[White "Luke1416"]
[Black "Aldo2020"]
[Result "0-1"]
[WhiteElo "1566"]
[BlackElo "1610"]

1. e4 d5 2. exd5 Qxd5 3. Nf3 Bg4 4. Be2 e5 5. d3 Bb4+ 6. c3 Ba5 7. b4 Bb6 8. h3
Bh5 9. g4 Bg6 10. h4 h5 11. gxh5 Bxh5 12. c4 Qe6 13. c5 e4 14. Ng5 Qe5 15. Qb3
Qxa1 0-1

[Event "OS INCLIVEIS"]
[Site "http://www.queenalice.com/game.php?id=1252275"]
[Date "2014.1.29"]
[Round "-"]
[White "adelio"]
[Black "Aldo2020"]
[Result "1-0"]
[WhiteElo "1986"]
[BlackElo "1559"]

1. b4 f5 2. b5 a6 3. c4 axb5 4. cxb5 Ra5 5. e3 e5 6. Bb2 e4 7. Nh3 c6 8. Be2
cxb5 9. Nf4 Qh4 10. Nd5 f4 11. exf4 h5 12. g3 Qh3 13. Nc7+ Kd8 14. Qc2 Nc6 15.
Nxb5 Qg2 16. Rf1 1-0

[Event "OS INCLIVEIS"]
[Site "http://www.queenalice.com/game.php?id=1252277"]
[Date "2014.1.29"]
[Round "-"]
[White "Aldo2020"]
[Black "adelio"]
[Result "1-0"]
[WhiteElo "1557"]
[BlackElo "1917"]

1. e4 b6 2. d4 Bb7 3. d5 e5 4. f4 f6 5. f5 h5 6. h4 Qe7 7. Bd2 Na6 8. a3 Nc5 9.
Nc3 a5 10. b4 axb4 11. axb4 Nxe4 12. Nxe4 Bxd5 13. Rxa8+ Bxa8 14. c3 Bxe4 15.
Be2 Bxg2 16. Rh2 Be4 17. Bxh5+ Kd8 18. Bg6 c5 19. Qa4 d6 20. bxc5 Bb7 21. c6 Bc8
22. Qa8 Qc7 23. Be3 Nh6 24. Rb2 Be7 25. Bxb6 Qxb6 26. Rxb6 Kc7 27. Qb8+ Kd8 28.
Rb7 Nf7 29. Bxf7 Rxh4 30. Qc7# 1-0

[Event "Challenge"]
[Site "http://www.queenalice.com/game.php?id=1269350"]
[Date "2014.3.31"]
[Round "-"]
[White "juim"]
[Black "Aldo2020"]
[Result "0-1"]
[WhiteElo "1614"]
[BlackElo "1569"]

1. e4 e5 2. d4 Qf6 3. d5 Bc5 4. Nf3 d6 5. Be2 Qg6 6. Ng5 h6 7. Bh5 Qf6 8. Nh3
Bxh3 9. Bf3 Bxg2 10. Rg1 Bxf3 11. Qd3 h5 12. Bg5 Qg6 13. h4 Nf6 14. Qxf3 Ng4 15.
Nc3 Bxf2+ 16. Kf1 Bxg1 17. Kxg1 f6 18. Nb5 Qf7 19. Bd2 Qd7 20. a4 c6 21. Nc3 a5
22. Kf1 Nh2+ 23. Kf2 Nxf3 24. Kxf3 Qh3+ 25. Ke2 Qxh4 26. Kd3 cxd5 27. Nxd5 Na6
28. Bxa5 Nc5+ 29. Ke3 Qxe4+ 0-1

[Event "OS INCLIVEIS"]
[Site "http://www.queenalice.com/game.php?id=1275393"]
[Date "2014.4.23"]
[Round "-"]
[White "adelio"]
[Black "Aldo2020"]
[Result "0-1"]
[WhiteElo "1766"]
[BlackElo "1587"]

1. f4 d5 2. d4 Bf5 3. c4 Bxb1 4. Rxb1 dxc4 5. e4 b5 6. Be2 e6 7. Nf3 Bb4+ 8. Bd2
Be7 9. h4 Nf6 10. h5 Nxe4 11. Rh3 Nc6 12. Ng5 Nxg5 13. fxg5 Qxd4 14. g6 hxg6 15.
Bc3 Qf4 16. Bxg7 Rh7 17. h6 Bh4+ 18. Rxh4 Qg3+ 19. Kf1 Qxh4 20. Qc1 Qh1+ 21. Kf2
Qxc1 22. Rxc1 Ne7 23. b3 Ng8 24. bxc4 b4 25. c5 Nxh6 26. Bb5+ Ke7 27. Bb2 Ng4+
28. Kg1 Rd8 29. c6 Rd5 30. Bc4 Rdh5 31. Kf1 Rf5+ 32. Ke1 Rf2 33. Bf1 Rxb2 34.
Rd1 Ne3 35. Rd7+ Ke8 36. Rxc7 Rh1 37. Rc8+ Ke7 38. Rc7+ Kf6 39. Rxf7+ Kxf7 40.
c7 Rxf1# 0-1

[Event "OS INCLIVEIS"]
[Site "http://www.queenalice.com/game.php?id=1275394"]
[Date "2014.4.23"]
[Round "-"]
[White "Aldo2020"]
[Black "adelio"]
[Result "0-1"]
[WhiteElo "1624"]
[BlackElo "1804"]

1. c4 b6 2. a4 c5 3. e4 Nc6 4. Qh5 e5 5. d3 g6 6. Qg4 d5 7. Qf3 Nd4 8. Qd1 Be7
9. Be3 Nf6 10. Bxd4 cxd4 11. Nf3 Bg4 12. Be2 Bxf3 13. Bxf3 Bb4+ 14. Ke2 dxc4 15.
dxc4 Qc7 16. Qd3 a5 17. Rc1 h5 18. h4 Qc8 19. Kf1 Ng4 20. Na3 Be7 21. g3 Nh2+
22. Kg1 Nxf3+ 23. Qxf3 Qh3 24. Qh1 Qd7 25. Nb5 Bc5 26. Qf3 Be7 27. Rc2 O-O 28.
Qd1 Qh3 29. Ra3 Bxa3 30. bxa3 Rad8 31. Qd2 d3 32. Rc3 Kh7 33. Nc7 Rd7 34. Nd5 f5
35. Qg5 Qg4 36. Nf6+ Rxf6 37. Qxf6 d2 38. Kg2 Qxe4+ 39. Rf3 Qxf3+ 40. Kxf3 Rd3+
41. Kg2 Rd7 42. Qc6 d1=Q 43. Qxb6 Qxa4 44. Qe6 e4 45. c5 Qd1 46. c6 Qf3+ 47. Kh2
Qxf2+ 48. Kh3 Qf1+ 49. Kh2 Rd2# 0-1

[Event "Challenge"]
[Site "http://www.queenalice.com/game.php?id=1284828"]
[Date "2014.5.29"]
[Round "-"]
[White "Aldo2020"]
[Black "juim"]
[Result "0-1"]
[WhiteElo "1605"]
[BlackElo "1606"]

1. e4 d5 2. Bd3 dxe4 3. Bxe4 e6 4. Qf3 Qd4 5. Ne2 Qb4 6. c3 Qb6 7. Nd4 Bc5 8.
Nb3 Nf6 9. d4 Nxe4 10. dxc5 Nxc5 11. Be3 Nd3+ 12. Ke2 Qa6 13. Kd2 Nxb2 14. Kc2
Nc4 15. Nc5 Qc6 16. Ne4 O-O 17. Rd1 Ne5 18. Qf4 f6 19. Bc5 Ng6 20. Qe3 Re8 21.
h4 b6 22. h5 Ne5 23. Nbd2 Bb7 24. Qd4 bxc5 25. Nxc5 Na6 26. Nde4 Nxc5 27. Nxc5
Qd5 28. Rab1 Bc6 29. Qb4 Qxg2 30. Rd2 a5 31. Qf4 Bd5 32. f3 Qxf3 33. Rf1 Qxh5
34. Rh2 Qg6+ 35. Kd2 Ra7 36. Kc1 Rd8 37. Rd1 Rb8 38. Kd2 Rb2+ 39. Ke1 Qg1+ 40.
Qf1 Qxh2 41. a4 h6 42. Nxe6 Bg2 43. Rd2 Rxd2 44. Qb5 Nf3# 0-1

[Event "Challenge"]
[Site "http://www.queenalice.com/game.php?id=1285051"]
[Date "2014.5.30"]
[Round "-"]
[White "Aldo2020"]
[Black "adelio"]
[Result "0-1"]
[WhiteElo "1615"]
[BlackElo "1759"]

1. g4 d5 2. d4 Bxg4 3. Nc3 c6 4. Qd2 Nf6 5. Qf4 Bc8 6. a4 h5 7. Nf3 Qd6 8. Qg5
Bg4 9. Ne5 Nbd7 10. Bf4 Qe6 11. h3 Bf5 12. O-O-O Ne4 13. f3 Nxg5 14. Bxg5 f6 15.
Ng6 Bxg6 16. Bf4 a6 17. e3 b5 18. b4 Nb6 19. Rg1 f5 20. Re1 a5 21. axb5 axb4 22.
Nb1 Nc4 23. Rg2 Ra1 24. Bxc4 dxc4 25. Kb2 Ra5 26. b6 c3+ 27. Kc1 Qa2 28. b7 Qb2+
29. Kd1 Ra1 30. b8=Q+ Kf7 31. Ke2 Qxc2+ 32. Kf1 Qd3+ 33. Rge2 Rxb1 34. Kf2 Rxe1
35. Rxe1 c2 36. e4 Qxd4+ 37. Be3 Qb2 38. Kg3 Qb1 39. Rc1 b3 40. Qb4 e6 41. Qb7+
Be7 42. Qxc6 h4+ 43. Kf4 Qb2 44. Qc7 Rc8 45. Qxc8 e5# 0-1

[Event "Challenge"]
[Site "http://www.queenalice.com/game.php?id=1285830"]
[Date "2014.6.3"]
[Round "-"]
[White "Aldo2020"]
[Black "Rijo"]
[Result "1-0"]
[WhiteElo "1589"]
[BlackElo "1698"]

1. e4 e5 2. c4 c5 3. Qh5 d6 4. d3 Nf6 5. Qh4 Nc6 6. Bg5 Be7 7. Nc3 Nd4 8. O-O-O
h6 9. Bxf6 Bxf6 10. Qg3 Qa5 11. Nge2 Bg5+ 12. Kb1 O-O 13. a4 Bd7 14. h4 Bxa4 15.
hxg5 Bxd1 16. Nxd1 Nb3 17. Kc2 Qd2+ 18. Kxb3 Qxd1+ 19. Ka2 b6 20. gxh6 g6 21.
Qh4 Kh7 22. Qf6 Rg8 23. Qxf7+ Kh8 24. h7 Rg7 25. Qf6 Qxd3 26. Nc3 Qd2 27. Be2
Rd8 28. Qxd8+ 1-0

[Event "Challenge"]
[Site "http://www.queenalice.com/game.php?id=1298128"]
[Date "2014.7.30"]
[Round "-"]
[White "Aldo2020"]
[Black "adelio"]
[Result "0-1"]
[WhiteElo "1603"]
[BlackElo "1804"]

1. e4 g6 2. d4 c5 3. c4 e6 4. Nh3 h6 5. e5 Nc6 6. Be3 b6 7. g4 a5 8. a4 Ra7 9.
Nf4 d6 10. d5 Nxe5 11. dxe6 Bxe6 12. Na3 Bxg4 13. Be2 Qa8 14. Rg1 Nf3+ 15. Bxf3
Bxf3 16. Qb3 Qd8 17. Bd2 Re7+ 18. Be3 Nf6 19. Qb5+ Nd7 20. Rg3 Bh5 21. Nd5 Bg7
22. Nxe7 Qxe7 23. Rd1 Bxd1 24. Kxd1 O-O 25. Ke2 Bd4 26. b3 Re8 27. Kd2 Bxe3+ 28.
fxe3 Nf6 29. Rh3 h5 30. Qxb6 Ne4+ 31. Kc1 Qf6 32. Nc2 Qf1+ 33. Kb2 Qxh3 34. Qb5
Qe6 35. Qxa5 Qe5+ 36. Kc1 Qxh2 37. Qb5 Qd2+ 38. Kb2 Qc3+ 39. Kc1 Nf6 40. a5 Rxe3
41. Qa4 Re1# 0-1

[Event "Challenge"]
[Site "http://www.queenalice.com/game.php?id=1298129"]
[Date "2014.7.30"]
[Round "-"]
[White "adelio"]
[Black "Aldo2020"]
[Result "1-0"]
[WhiteElo "1849"]
[BlackElo "1609"]

1. a3 e5 2. e4 d5 3. d4 Nc6 4. b4 Nxd4 5. Nc3 Nf6 6. Bg5 Bg4 7. f3 Bh5 8. Nxd5
c6 9. Nxf6+ gxf6 10. Be3 Ne6 11. g4 Bg6 12. Bc4 Nc7 13. h4 h5 14. g5 f5 15. exf5
Bxf5 16. Qe2 b5 17. Rd1 Bd6 18. Rxd6 Qxd6 19. Bxf7+ Kxf7 20. c3 Bd3 21. Qg2 Nd5
22. g6+ Kg7 23. Bc5 Ne3 24. Bxe3 Bxg6 25. Rh3 Kf7 26. Rg3 Rhg8 27. Nh3 Qd3 28.
Ng5+ Ke7 29. Bc5+ Kd7 30. f4 Qb1+ 31. Kf2 Qa2+ 32. Kg1 Qxa3 33. Qh3+ Kd8 34.
Rd3+ Bxd3 35. Qxd3+ Kc7 36. Qd6+ Kb7 37. Qd7+ Kb8 38. Bd6# 1-0

[Event "Challenge"]
[Site "http://www.queenalice.com/game.php?id=1325399"]
[Date "2014.12.1"]
[Round "-"]
[White "Aldo2020"]
[Black "adelio"]
[Result "0-1"]
[WhiteElo "1595"]
[BlackElo "1674"]

1. e4 a6 2. d4 g6 3. Qf3 d6 4. Bc4 e6 5. d5 b5 6. Bd3 e5 7. Bd2 Nd7 8. Ba5 Ndf6
9. a4 Nh6 10. axb5 Nh5 11. g3 Bg4 12. Qe3 Bd7 13. bxa6 Qb8 14. b3 Bb5 15. c4
Bxa6 16. b4 Bc8 17. c5 Nf6 18. Na3 Nhg4 19. Qg5 Be7 20. f3 h6 21. Qc1 Rxa5 22.
bxa5 Qb4+ 23. Qd2 Qxd2+ 24. Kxd2 Nf2 25. Ne2 Nxh1 26. Rxh1 dxc5 27. a6 O-O 28.
a7 Bb7 29. Nb5 Rc8 30. Nxc7 Rxc7 31. Ba6 Ba8 32. Rb1 Rxa7 33. Rb6 Nd7 34. Rb2
Rxa6 35. f4 f5 36. Ke3 Ra3+ 37. Kf2 fxe4 38. fxe5 Bxd5 39. Nf4 e3+ 40. Kg1 Ra1+
41. Rb1 Rxb1# 0-1

[Event "Challenge"]
[Site "http://www.queenalice.com/game.php?id=1325400"]
[Date "2014.12.1"]
[Round "-"]
[White "adelio"]
[Black "Aldo2020"]
[Result "0-1"]
[WhiteElo "1747"]
[BlackElo "1582"]

1. b4 e5 2. b5 c6 3. a4 a5 4. c4 d5 5. e3 Bb4 6. Be2 Qh4 7. g3 Qf6 8. Bb2 Nd7 9.
h4 Nc5 10. h5 Bf5 11. f4 Ne4 12. Bxe5 Qh6 13. cxd5 cxd5 14. b6 Nxg3 15. Bb5+ Kf8
16. Rh2 f6 17. Bc7 g6 18. Qf3 Ne4 19. Ra2 Re8 20. Bxe8 Kxe8 21. Kd1 Ne7 22. d3
Nd6 23. hxg6 Qxg6 24. Qh5 Bg4+ 25. Qxg4 Qxg4+ 26. Ne2 Ndf5 27. Nc3 Bxc3 28. Rc2
Nxe3+ 29. Kc1 Nxc2 30. Kxc2 d4 31. Nxc3 dxc3 32. Kxc3 Kf7 33. Rb2 Re8 34. Rb5
Ra8 35. Bd6 Nc8 36. Bc7 Qd1 37. Rd5 Qxa4 38. Rd4 Qa1+ 39. Kc4 Ra6 40. Rd7+ Kg6
41. f5+ Kh5 42. Rxh7+ Kg5 43. Rd7 Qa4+ 44. Kd5 Qxd7+ 45. Kc4 Nxb6+ 46. Bxb6 Rxb6
47. Kc3 Rc6+ 48. Kb2 Qxd3 49. Ka1 Rc2 50. Kb1 Qd1# 0-1

[Event "Challenge"]
[Site "http://www.queenalice.com/game.php?id=1325401"]
[Date "2014.12.1"]
[Round "-"]
[White "Aldo2020"]
[Black "juim"]
[Result "1-0"]
[WhiteElo "1615"]
[BlackElo "1526"]

1. e4 d5 2. Qf3 dxe4 3. Qxe4 g6 4. Bb5+ Bd7 5. Bxd7+ Nxd7 6. Qxb7 a5 7. a4 Bg7
8. Nf3 Ngf6 9. d4 Ng4 10. Bf4 O-O 11. Bxc7 Qc8 12. Qc6 Ra7 13. Qe4 Ndf6 14. Qd3
Qxc7 15. O-O Nh5 16. d5 Bxb2 17. Ra2 Nf4 18. Qe4 Be5 19. g3 Nf6 20. Qxe5 Nh3+
21. Kg2 Qd7 22. Qd4 Ra6 23. Ne5 Qf5 24. g4 Nf4+ 25. Kh1 Nxg4 26. Nc6 Qg5 27. Re1
Nxh2 28. Nxe7+ Qxe7 29. Rxe7 Rb8 30. Rb2 Rd8 31. Kxh2 Nh5 32. Rb6 Raa8 33. Rbb7
Rf8 34. Nc3 Ra6 35. d6 Ng7 36. d7 Raa8 37. Ne4 Ne6 38. Qf6 Ra6 39. Re8 Ra8 40.
Nd6 Nd8 41. Qf3 Nxb7 42. Qxf7+ 1-0

[Event "Challenge"]
[Site "http://www.queenalice.com/game.php?id=1325402"]
[Date "2014.12.1"]
[Round "-"]
[White "juim"]
[Black "Aldo2020"]
[Result "1-0"]
[WhiteElo "1514"]
[BlackElo "1645"]

1. e4 e5 2. d4 Bd6 3. dxe5 Bxe5 4. Nf3 Nc6 5. Bb5 Qe7 6. Nxe5 Nxe5 7. O-O Qb4 8.
Nc3 Nf6 9. a3 Qe7 10. Bg5 a6 11. Bxf6 Qxf6 12. Nd5 Qd6 13. Ba4 b5 14. Bb3 Bb7
15. f4 Qc5+ 16. Kh1 O-O 17. fxe5 Rfe8 18. Nf4 Qxe5 19. Nd3 Qxe4 20. Ne1 d6 21.
Bxf7+ Kf8 22. Bd5+ Ke7 23. Bxe4 Bxe4 24. Nd3 Kd7 25. Re1 d5 26. Rxe4 dxe4 27.
Nf4+ Ke7 28. Qg4 Kf8 29. Rf1 Kg8 30. Ne6 g6 31. h3 Re7 32. Ng5 Rae8 33. Re1 h5
34. Qf4 Rf8 35. Qe3 Re5 36. Qg3 Rff5 37. Nxe4 Kg7 38. Qc3 Kh6 39. Qxc7 Re6 40.
Qc8 g5 41. Qxe6+ Kg7 42. Qxf5 Kg8 43. Qd7 Kf8 44. Nf6 1-0

[Event "Challenge"]
[Site "http://www.queenalice.com/game.php?id=1332376"]
[Date "2015.1.2"]
[Round "-"]
[White "Aldo2020"]
[Black "SalsaKing"]
[Result "1-0"]
[WhiteElo "1611"]
[BlackElo "1650"]

1. e4 e5 2. Bc4 Nf6 3. Qf3 Nc6 4. c3 h6 5. d3 d6 6. Be3 a6 7. Nh3 Bxh3 8. Qxh3
Qe7 9. Bd5 g5 10. Bxc6+ bxc6 11. Bxg5 Bg7 12. O-O hxg5 13. Qg3 Nh5 14. Qg4 Bf6
15. Nd2 Nf4 16. Qg3 O-O-O 17. Qe3 g4 18. Nc4 c5 19. a3 Rdg8 20. g3 Bg5 21. gxf4
Bxf4 22. Qe2 g3 23. fxg3 Qh4 24. Qg2 Be3+ 25. Nxe3 Qg5 26. Nf5 Kb7 27. Ne7 Rg7
28. Nf5 Rgh7 29. h4 Qd8 30. c4 Rg8 31. b4 Ka7 32. Qd2 Rg6 33. b5 Qg8 34. Kf2 Rf6
35. Qa5 Qb8 36. Qxa6# 1-0

[Event "Challenge"]
[Site "http://www.queenalice.com/game.php?id=1332378"]
[Date "2015.1.2"]
[Round "-"]
[White "SalsaKing"]
[Black "Aldo2020"]
[Result "0-1"]
[WhiteElo "1667"]
[BlackElo "1627"]

1. e4 Nc6 2. Bb5 Ne5 3. d4 Ng6 4. Nc3 c6 5. Ba4 b5 6. Bb3 b4 7. Nce2 e6 8. f3 d5
9. exd5 cxd5 10. Bg5 Qxg5 11. g3 Ba6 12. Nh3 Qe3 13. Ba4+ Kd8 14. Qd2 Qxf3 15.
Rf1 Qg2 16. Nhf4 Nxf4 17. Rxf4 Qh1+ 18. Rf1 Qxh2 0-1

[Event "Challenge"]
[Site "http://www.queenalice.com/game.php?id=1333149"]
[Date "2015.1.6"]
[Round "-"]
[White "adelio"]
[Black "Aldo2020"]
[Result "0-1"]
[WhiteElo "1752"]
[BlackElo "1593"]

1. Nf3 d5 2. d4 Bf5 3. Ne5 Qd6 4. Nxf7 Kxf7 5. e3 Nc6 6. Be2 Nf6 7. Nd2 Nb4 8.
c3 Nc2+ 9. Kf1 Nxa1 10. h4 Bc2 11. Qe1 Be4 12. h5 a5 13. f3 Bf5 14. g4 Bc2 15.
g5 Ng8 16. e4 h6 17. exd5 hxg5 18. Ne4 Bxe4 19. fxe4 Nf6 20. Qf2 Ke8 21. Bxg5
Nxe4 22. Qe3 Qxd5 23. Bf4 Nd2+ 24. Kg1 Ne4 25. Bf3 e5 26. Bxe4 exf4 27. Qxf4 Qd6
28. Bg6+ Kd8 29. Qf7 Qe7 30. Qd5+ Kc8 31. Qf5+ Kb8 32. Qf4 Nc2 33. Bxc2 Qe2 34.
Rh2 Qe1+ 35. Qf1 Qxf1+ 36. Kxf1 Ra6 37. Bd3 Rf6+ 38. Ke2 Bd6 39. Rh3 Re8+ 40.
Kd1 Rf2 41. Rh1 Rxb2 42. Kc1 Ba3 43. Bg6 Re3 44. Kd1 Rxa2 45. Rh4 Rxc3 46. Re4
Rc1# 0-1

[Event "Challenge"]
[Site "http://www.queenalice.com/game.php?id=1333150"]
[Date "2015.1.6"]
[Round "-"]
[White "Aldo2020"]
[Black "adelio"]
[Result "0-1"]
[WhiteElo "1605"]
[BlackElo "1698"]

1. d4 d5 2. Nf3 c5 3. Bf4 Nc6 4. dxc5 e5 5. Bxe5 f6 6. Bd4 Bg4 7. Nh4 b6 8. b4
Nxb4 9. c3 Nc6 10. Qa4 Bd7 11. Be3 Ne5 12. Qd4 Be6 13. f4 Bxc5 14. Qa4+ Bd7 15.
Qb3 Nc4 16. Bxc5 bxc5 17. f5 Rb8 18. Qd1 Ne3 19. Qd3 Nxf1 20. Rxf1 Ne7 21. Qa6
Qc7 22. Nd2 Rb6 23. Qa5 O-O 24. Nb3 Qxh2 25. Rf4 Qxf4 26. Nf3 Bxf5 27. Qxa7 Re6
28. Nxc5 Qg3+ 29. Kf1 Re3 30. Rc1 Re8 31. a4 Nc6 32. Qa6 Ne5 33. Nd4 Ng4 34.
Nxf5 Qf2# 0-1

[Event "Challenge"]
[Site "http://www.queenalice.com/game.php?id=1344357"]
[Date "2015.2.27"]
[Round "-"]
[White "Aldo2020"]
[Black "adelio"]
[Result "0-1"]
[WhiteElo "1624"]
[BlackElo "1699"]

1. e4 a6 2. c4 c5 3. Nf3 d6 4. Nc3 e6 5. d4 Nc6 6. d5 Ne5 7. Bg5 Nxf3+ 8. Qxf3
Qxg5 9. h4 Qf6 10. Qe3 Be7 11. Na4 Bd8 12. g4 Bd7 13. g5 Ba5+ 14. Nc3 Qd4 15.
Qc1 Qxe4+ 16. Qe3 Bxc3+ 17. bxc3 Qxe3+ 18. fxe3 e5 19. a4 Ne7 20. e4 Ng6 21. Rh2
Nf4 22. Raa2 O-O 23. Ra3 f5 24. Bh3 Nxh3 25. Rxh3 fxe4 26. Re3 Rf4 27. Rh3 Bxh3
28. h5 Raf8 29. Kd2 Rf2+ 30. Kc1 Rh2 31. Rb3 Rf1# 0-1

[Event "Challenge"]
[Site "http://www.queenalice.com/game.php?id=1344618"]
[Date "2015.2.28"]
[Round "-"]
[White "adelio"]
[Black "Aldo2020"]
[Result "1/2-1/2"]
[WhiteElo "1850"]
[BlackElo "1629"]

1. d4 d5 2. e4 c6 3. e5 f6 4. Be2 Nd7 5. Nf3 e6 6. h4 Qc7 7. h5 fxe5 8. g4 Ngf6
9. Ng5 Nb6 10. a4 h6 11. Qd3 e4 12. Qg3 Bd6 13. Qh4 hxg5 14. Bxg5 Be7 15. Bxf6
Bxf6 16. g5 Bxd4 17. Nd2 Bxb2 18. Rd1 Nxa4 19. Nxe4 dxe4 20. Qxe4 Nc3 21. Qg6+
Qf7 22. Rd8+ Ke7 23. Rxh8 Qf4 24. Qxg7+ Kd6 25. Rd8+ Kc5 26. Qe7+ Kb6 27. Rd1
Nxd1 28. Bxd1 Qe4+ 29. Kd2 Qxh1 30. Qb4+ Kc7 31. Qe7+ Bd7 32. h6 Qd5+ 33. Ke2
Re8 34. Qb4 Qb5+ 35. Qxb5 cxb5 36. g6 Re7 37. Kd3 Be8 38. Bh5 Bxg6+ 39. Bxg6 a5
40. h7 a4 41. c3 Rxh7 42. Bxh7 a3 43. Kc2 Kc6 44. Kb3 Kd5 45. f3 e5 46. Be4+ Kc5
47. Bxb7 Kb6 48. Bd5 Kc5 49. c4 bxc4+ 50. Bxc4 Kd4 51. Be6 Ke3 52. Bd5 Kd2 53.
Be4 Kc1 54. Ka2 Kd2 55. Kb3 Ke3 56. Kc2 Kf4 57. Kb1 Ke3 58. Kc2 Ke2 59. Bd5 Ke3
60. Be4 1/2-1/2

[Event "Challenge"]
[Site "http://www.queenalice.com/game.php?id=1350978"]
[Date "2015.3.31"]
[Round "-"]
[White "juim"]
[Black "Aldo2020"]
[Result "1-0"]
[WhiteElo "1575"]
[BlackElo "1642"]

1. e4 Nc6 2. Bb5 Ne5 3. Nf3 Nxf3+ 4. Qxf3 e6 5. O-O Bc5 6. d3 a5 7. Be3 Qe7 8.
Nc3 c6 9. Bxc5 d6 10. Bxc6+ bxc6 11. Be3 e5 12. Na4 Ra6 13. Nb6 Qb7 14. Nxc8
Qxc8 15. Bg5 f6 16. Bh4 g5 17. Bg3 Ne7 18. Qxf6 Rg8 19. Qxd6 Ng6 20. Bxe5 c5 21.
Qd5 Ne7 22. Qc4 Rgg6 23. Qc3 h5 24. d4 c4 25. b3 Rgc6 26. Qf3 Rh6 27. Bg7 Rhg6
28. Qxh5 Kd7 29. Qg4+ Kd8 30. Qxc8+ Kxc8 31. Be5 c3 32. d5 g4 33. Bxc3 Rh6 34.
g3 Rh5 35. Rfe1 a4 36. bxa4 Rxa4 37. Red1 Rxe4 38. d6 Nc6 39. Bf6 Kd7 40. a4 Rc4
41. c3 Rf5 42. Bh4 Rf3 43. a5 Rcxc3 44. a6 Na7 45. Rab1 Nc6 46. Rb7+ Ke6 47. d7
Rc2 48. Rb6 Rfxf2 49. Rxc6+ Kf5 50. Rf6+ 1-0

[Event "Challenge"]
[Site "http://www.queenalice.com/game.php?id=1357831"]
[Date "2015.5.6"]
[Round "-"]
[White "Magogue"]
[Black "Aldo2020"]
[Result "0-1"]
[WhiteElo "1251"]
[BlackElo "1638"]

1. e4 e5 2. f4 exf4 3. Bc4 Bc5 4. Nf3 Nc6 5. d4 Bd6 6. e5 Bb4+ 7. c3 Ba5 8. Bxf4
d6 9. exd6 cxd6 10. O-O Bf5 11. Qe2+ Nge7 12. Bb5 O-O 0-1

[Event "Challenge"]
[Site "http://www.queenalice.com/game.php?id=1357832"]
[Date "2015.5.6"]
[Round "-"]
[White "Aldo2020"]
[Black "Magogue"]
[Result "1-0"]
[WhiteElo "1640"]
[BlackElo "1249"]

1. e4 e5 2. Qf3 Nf6 3. Nc3 Nc6 4. Nge2 d6 5. h4 Bg4 6. Qd3 a6 7. f3 Be6 8. h5
Nb4 9. g4 Nxd3+ 10. cxd3 Nxg4 11. fxg4 Bxg4 12. Ng3 Qf6 13. Bg2 1-0

[Event "Challenge"]
[Site "http://www.queenalice.com/game.php?id=1380960"]
[Date "2015.9.2"]
[Round "-"]
[White "Aldo2020"]
[Black "juim"]
[Result "0-1"]
[WhiteElo "1623"]
[BlackElo "1604"]

1. e4 d5 2. exd5 Qxd5 3. c4 Qd8 4. Nf3 Bg4 5. Qa4+ c6 6. Ne5 Be6 7. c5 Qd5 8.
Nd3 Nd7 9. b4 Bf5 10. Nf4 Qe5+ 11. Be2 e6 12. Nc3 Qxf4 13. d4 Qxd4 14. Bd2 Be7
15. f4 Ngf6 16. Rd1 Nd5 17. Rc1 Nxf4 18. g3 Be4 19. Be3 Qe5 20. Rf1 Nxe2 21.
Kxe2 Bg5 22. Bf4 Bxf4 23. gxf4 Qh5+ 24. Ke1 Qxh2 25. b5 Bd3 26. Rf2 Qg1+ 27. Rf1
Qxf1+ 28. Kd2 Qxf4+ 29. Qxf4 Bf5 30. Re1 Nxc5 31. Qc4 O-O-O+ 32. Ke3 Rd3+ 33.
Ke2 Rhd8 34. Rd1 Rxd1 35. Nxd1 Bd3+ 36. Qxd3 Rxd3 37. Nb2 Ra3 0-1